[Event "Bad Woerishofen op"]
[Site "Bad Woerishofen"]
[Date "1990.??.??"]
[Round "?"]
[White "Ermenkov, Evgenij"]
[Black "Honfi, Karoly"]
[Result "1-0"]
[WhiteElo "2480"]
[BlackElo "2325"]

1.e4 c5 2.Nc3 Nc6 3.Nge2 g6 4.d4 cxd4 5.Nxd4 Bg7 6.Nde2 Nf6 7.g3 O-O 8.Bg2 d6
9.O-O Bd7 10.h3 Rb8 11.a4 a6 12.Nd5 b5 13.axb5 axb5 14.Kh2 b4 15.Be3 Ne8
16.Qc1 e6 17.Ndf4 Nc7 18.Rd1 Qe7 19.Nd3 Rfc8 20.Bh6 Bh8 21.Bg5 Qe8 22.Rd2 Nb5
23.Qd1 Rc7 24.Nec1 Qc8 25.Bf4 Be8 26.Nb3 Ra8 27.Rxa8 Qxa8 28.h4 Qa4 29.h5 Ncd4
30.e5 d5 31.Ndc5 Qa7 32.Rxd4 Nxd4 33.Qxd4 Ba4 34.Nxa4 Qxa4 35.Qb6 Qc6 36.Qxb4 Qxc2
37.Nd4 Qc4 38.Qd6 Rc8 39.Nxe6 Qe2 40.hxg6 Qh5+ 41.Bh3 hxg6 42.Bg5  1-0

[Event "Badenweiler op"]
[Site "Badenweiler"]
[Date "1990.??.??"]
[Round "5"]
[White "Tischbierek, Raj"]
[Black "Muse, Mladen"]
[Result "1/2-1/2"]
[WhiteElo "2495"]
[BlackElo "2430"]

1.e4 c5 2.Nc3 Nc6 3.Nge2 Nf6 4.d4 cxd4 5.Nxd4 e5 6.Ndb5 d6 7.Bg5 a6 8.Na3 b5
9.Bxf6 gxf6 10.Nd5 Bg7 11.g3 f5 12.Bg2 f4 13.c3 O-O 14.Nc2 Be6 15.O-O a5
16.gxf4 exf4 17.Nxf4 b4 18.Ne3 bxc3 19.bxc3 Ne5 20.Nfd5 Qh4 21.f4 Ng4 22.Nxg4 Bxg4
23.Qd3 Be6 24.Nc7 Rac8 25.Nxe6 fxe6 26.Qxd6 Qh6 27.Rf3 Rxc3 28.Raf1 Rxf3
29.Rxf3 Qf6 30.e5 Qf5 31.Qb6 Kh8 32.Qxa5 Bh6 33.Qb4 Bxf4 34.a4 Rf7 35.a5 Qxe5
36.a6 Be3+ 37.Kf1 Bc5 38.Qe1 Rxf3+ 39.Bxf3 Qd4 40.Kg2 Kg7  1/2-1/2

[Event "Bankia op"]
[Site "Bankia"]
[Date "1990.??.??"]
[Round "2"]
[White "Todorov, Ivan"]
[Black "Ikonnikov, Vyacheslav"]
[Result "0-1"]
[WhiteElo "2275"]
[BlackElo "2385"]

1.e4 c5 2.Nf3 Nc6 3.Nc3 e5 4.g3 g6 5.Bg2 Bg7 6.O-O Nge7 7.d3 d6 8.Be3 Nd4
9.Qd2 O-O 10.Ne1 Be6 11.Nd1 b6 12.c3 Ndc6 13.c4 Qd7 14.f4 exf4 15.gxf4 f5
16.Nc3 fxe4 17.Nxe4 Nf5 18.Bf2 Kh8 19.Nf3 d5 20.Ng3 dxc4 21.Nxf5 Bxf5 22.dxc4 Qxd2
23.Nxd2 Rad8 24.Nb3 Nb4 25.Bh4 Rd7 26.a3 Nc2 27.Ra2 Ne3 28.Rc1 Nxg2 29.Kxg2 Rd3
30.Na1 Rd2+ 31.Bf2 Bd4 32.Rf1 Bd3  0-1

[Event "Beersheba-B"]
[Site "Beersheba"]
[Date "1990.??.??"]
[Round "?"]
[White "Pyernik, Moshe"]
[Black "Tsesarsky, Ilya"]
[Result "0-1"]
[WhiteElo "2230"]
[BlackElo "2435"]

1.e4 c5 2.Nc3 Nc6 3.Nge2 Nf6 4.g3 d5 5.exd5 Nxd5 6.Bg2 Nxc3 7.bxc3 g6 8.d3 Bg7
9.Be3 Qd6 10.Rb1 O-O 11.O-O Rd8 12.Qc1 b6 13.Bf4 Qd7 14.Re1 Bb7 15.Qe3 Rac8
16.Rbd1 e6 17.Bg5 Re8 18.g4 Ne5 19.Qg3 Bxg2 20.Qxg2 Qc6 21.Qxc6 Rxc6 22.Kg2 Nxg4
23.c4 h6 24.Bd2 Rc7 25.a4 Ne5 26.a5 bxa5 27.Nc3 Nc6 28.Ra1 Rb7 29.Ra2 Nb4
30.Rxa5 Nxc2 31.Rc1 Nb4 32.Ne4 Nxd3 33.Nxc5 Rb2 34.Be3  0-1

[Event "Bela Crkva op"]
[Site "Bela Crkva"]
[Date "1990.??.??"]
[Round "5"]
[White "Zhelnin, Vladimir V"]
[Black "Dvoirys, Semen I"]
[Result "0-1"]
[WhiteElo "2335"]
[BlackElo "2535"]

1.e4 c5 2.Nc3 Nc6 3.Nge2 g6 4.d4 cxd4 5.Nxd4 Bg7 6.Be3 Nf6 7.Nb3 O-O 8.Be2 a5
9.a4 Nb4 10.f4 b6 11.e5 Ne8 12.Bf3 Rb8 13.O-O Bb7 14.Nd4 d6 15.e6 f5 16.Bxb7 Rxb7
17.Qf3 Bxd4 18.Bxd4 Qc8 19.Rf2 Nc6 20.Nb5 Nxd4 21.Nxd4 Nf6 22.Re2 Rc7 23.c3 Rc4
24.Re3 Qa8 25.Qe2 Qd5 26.h3 Rxd4 27.cxd4 Qxd4 28.Qf2 Ne4 29.Qf3 Qxb2 30.Ree1 Rc8
31.Rab1 Qa2 32.Rbc1 Rc5 33.g4 Qxe6 34.gxf5 gxf5 35.Kh1 Kf7 36.Rg1 Rxc1 37.Rxc1 Qd5
38.Rc7 Ke6 39.Qg2 Qd1+ 40.Kh2 Kf7 41.Rc8 Nf6 42.Qa2+ d5 43.Qc2 Qd4 44.Qxf5 Qxa4
45.Qe5 Qe4 46.Rc6 b5 47.Rc5 Qb4 48.Rc7 a4 49.f5 a3 50.Qe6+ Kf8 51.Rc8+ Kg7
52.Rc2 Qd6+ 53.Qxd6 exd6 54.Rc7+ Kh6 55.Ra7 b4 56.Kg3 Ne4+ 57.Kf4 Nc3 58.f6 b3  0-1

[Event "Bern op"]
[Site "Bern"]
[Date "1990.??.??"]
[Round "6"]
[White "Milosevic, Goran"]
[Black "Gauglitz, Gernot"]
[Result "1-0"]
[WhiteElo "2385"]
[BlackElo "2430"]

1.e4 c5 2.Nf3 Nc6 3.Nc3 e5 4.Bc4 d6 5.d3 h6 6.O-O g5 7.Nd2 Bg7 8.Re1 Nge7
9.Nf1 g4 10.Nd5 Nxd5 11.Bxd5 Ne7 12.Bb3 h5 13.Bg5 f6 14.Bc1 Bd7 15.a4 Bc6
16.c3 f5 17.Be6 f4 18.Qb3 Rf8 19.Nd2 Ng6 20.Bf5 Nh4 21.Qe6+ Qe7 22.Bg6+ Nxg6
23.Qxg6+ Kd8 24.Nc4 Kc7 25.Nxd6 Rad8 26.Nf5 Rxf5 27.exf5 Be8 28.Qh7 Qf7 29.d4 cxd4
30.cxd4 Rxd4 31.b3 Bf6 32.Qxf7+ Bxf7 33.Bb2 Bxb3 34.Bxd4 exd4 35.Rab1 Bd5
36.Re6 Bxe6 37.fxe6 b6 38.Kf1 Kd6 39.Rb5 Kxe6 40.Ke2 h4 41.Kd3 g3 42.fxg3 hxg3
43.hxg3 fxg3 44.Ke4 Be7 45.Rh5 d3 46.Kxd3 Bc5 47.Ke4 Kf6 48.Rf5+ Kg6 49.a5 a6
50.Rd5 Kf7 51.axb6 Bxb6 52.Rd6 Bf2 53.Rxa6 Kg7 54.Kf5 Be1 55.Rd6 Bf2 56.Rd7+ Kh6
57.Kf6 Kh5 58.Kf5 Kh6 59.Rd6+ Kg7 60.Rg6+ Kf7 61.Kg5 Be3+ 62.Kh5 Bf2 63.Rd6 Ke7
64.Rd3 Kf6 65.Kh6 Kf5 66.Rf3+ Kg4 67.Kg6 Bg1 68.Rf8 Bf2 69.Ra8 Kf4 70.Kh5 Bc5
71.Rc8 Bd6 72.Rc3 Kf5 73.Rf3+ Bf4 74.Rf1 Ke4 75.Kg4 Bb8 76.Re1+ Kd4 77.Kf3 Kd5
78.Re8 Be5 79.Rxe5+ Kxe5 80.Kxg3 Kf5 81.Kh4 Kf6 82.Kh5 Kf7  1-0

[Event "Bern op"]
[Site "Bern"]
[Date "1990.??.??"]
[Round "7"]
[White "Vujakovic, Branko"]
[Black "Barbero, Gerardo F"]
[Result "0-1"]
[WhiteElo "2395"]
[BlackElo "2450"]

1.e4 c5 2.Nc3 Nc6 3.Nf3 d6 4.d4 cxd4 5.Nxd4 Nf6 6.Bg5 e6 7.Qd2 a6 8.O-O-O Bd7
9.f4 h6 10.Bh4 g5 11.fxg5 Ng4 12.Nf3 hxg5 13.Bg3 Be7 14.h3 Nge5 15.Be2 Rh7
16.Kb1 b5 17.Rdf1 Rc8 18.Nd1 Nxf3 19.gxf3 Qa5 20.c3 Ne5 21.Ne3 Bc6 22.Ng4 Rd8
23.Qe3 Nc4 24.Bxc4 bxc4 25.e5 dxe5 26.Bxe5 f6 27.Bg3 Qf5+ 28.Ka1 Rd3 29.Qb6 Bxf3
30.Rhg1 Bc5 31.Nxf6+ Kf7 32.Qc7+ Kxf6 33.Be5+ Qxe5 34.Qxh7 Bxg1 35.Rxg1 Rd1+
36.Rxd1 Bxd1 37.Qh8+ Kf5 38.Qf8+ Ke4 39.Qf1 Qd5  0-1

[Event "Biel-C"]
[Site "Biel"]
[Date "1990.??.??"]
[Round "1"]
[White "Flueckiger, Christian"]
[Black "Videki, Sandor"]
[Result "0-1"]
[WhiteElo "2275"]
[BlackElo "2385"]

1.e4 c5 2.Nc3 Nc6 3.Nge2 d6 4.g3 g6 5.Bg2 Bg7 6.O-O e6 7.d3 Nge7 8.Bg5 O-O
9.Qd2 Nd4 10.Nxd4 cxd4 11.Ne2 Qd7 12.Bxe7 Qxe7 13.c3 dxc3 14.bxc3 b6 15.a4 Rb8
16.Nd4 Bd7 17.a5 b5 18.Nc2 Rfc8 19.d4 Rc4 20.Nb4 Bc8 21.Rfe1 a6 22.e5 Bb7
23.Bxb7 Qxb7 24.exd6 Rd8 25.Qf4 Bf8 26.Qe4 Qc8 27.Rac1 Bxd6 28.Qe3 Rd7 29.d5 Bxb4
30.cxb4 Rdc7  0-1

[Event "Biel op (Women)"]
[Site "Biel"]
[Date "1990.??.??"]
[Round "3"]
[White "Lupu, Smaranda  B"]
[Black "Foisor, Cristina Adela B"]
[Result "0-1"]
[WhiteElo "2185"]
[BlackElo "2330"]

1.e4 c5 2.Nf3 Nc6 3.Nc3 d6 4.d4 cxd4 5.Nxd4 Nf6 6.Bc4 Qb6 7.Nb3 e6 8.O-O Be7
9.Qe2 O-O 10.Be3 Qc7 11.f4 a6 12.a4 Nb4 13.a5 d5 14.Bd3 Nxd3 15.cxd3 dxe4
16.dxe4 e5 17.f5 Bd7 18.Rac1 Qb8 19.g4 Bc6 20.Nc5 Rd8 21.g5 Bxc5 22.Bxc5 Nd7
23.Be7 Re8 24.f6 Nf8 25.Bxf8 Rxf8 26.Qh5 Qa7+ 27.Kg2 Qd4 28.Rce1 Qb4 29.Rf3 Rfd8
30.Re2 g6 31.Qh6 Qf8 32.Qh4 h5 33.gxh6 Kh7 34.Qg5 Qc5 35.h4 Qxa5 36.Rf5 Re8
37.h5 Rg8 38.Rxe5 Qa1 39.Re7 Raf8 40.Kh2 gxh5 41.Qf5+ Kh8 42.Qf2 Qa5 43.Re1 Rg4
44.Rg1 Rfg8 45.Rxg4 hxg4 46.Kg3 Qh5 47.Qh2 Qg5 48.Qf2 Rd8 49.Nd5 Bxd5 50.exd5 Qxd5
51.h7 Qh5 52.Qe3 Qh3+ 53.Kf4 Qh6+ 54.Kg3 Qxf6 55.Re8+ Rxe8 56.Qxe8+ Kxh7
57.Qe4+ Kg7 58.Qxb7 Qf3+ 59.Qxf3 gxf3 60.Kxf3 Kf6 61.Kf4 Ke6 62.Ke4 a5 63.Kd4 Kd6
64.Kc4 Kc6 65.b4 axb4 66.Kxb4 Kd5  0-1

[Event "Bielsko Biala op"]
[Site "Bielsko Biala"]
[Date "1990.??.??"]
[Round "3"]
[White "Petrienko, Vladimir"]
[Black "Rasik, Vitezslav"]
[Result "1/2-1/2"]
[WhiteElo "2440"]
[BlackElo "2360"]

1.e4 c5 2.Nc3 Nc6 3.Nf3 Nd4 4.Bc4 e6 5.Nxd4 cxd4 6.Ne2 Nf6 7.d3 Bb4+ 8.c3 dxc3
9.bxc3 Be7 10.e5 Nd5 11.O-O d6 12.f4 O-O 13.d4 Qc7 14.Qd3 Bd7 15.Bb3 b5 16.Qg3 f5
17.exf6 Bxf6 18.Bd2 Nb6 19.f5 Nc4 20.fxe6 Bxe6 21.Bg5 Bxg5 22.Qxg5 Qd7 23.Ng3 Rxf1+
24.Rxf1 Rf8 25.Rxf8+ Kxf8 26.Ne4 a6 27.Qf4+ Kg8 28.h3 h6 29.Bxc4 Bxc4 30.a3 Qe6
31.Kh2 d5 32.Nc5 Qe1 33.Qg3 Qe7 34.Nxa6 Qxa3 35.Nc5 Qa7 36.Qe5 Qf7 37.h4 Qf2
38.Qg3 Qf6 39.Nd7 Qd8 40.Ne5 Qe7 41.Ng6 Qe8 42.Ne5 Qh5 43.Ng6 Kh7 44.Nf8+ Kg8
45.Ng6 Kh7 46.Nf8+ Kg8 47.Ne6 g5 48.Nf4 Qxh4+ 49.Qxh4 gxh4 50.Kh3 Kg7 51.Kxh4 Kf6
52.g4 Kf7 53.Kh5 Kg7 54.g5 hxg5 55.Kxg5 Kf7 56.Kf5 Ke7 57.Ke5 Kd7 58.Nxd5 Kc6
59.Nb4+ Kb6 60.d5 Bf1 61.Kd4 Bh3 62.Nd3 Ka5 63.Kc5 Ka4 64.Nb4 Kb3 65.Kd4 Bg2
66.d6 Bh3 67.Nd5 Bf5 68.Ne3 Bh3 69.Nd5 Bf5 70.Nb4 Bh3 71.Na6 Ka3 72.Nc5 b4
73.c4 Bg4 74.Nd3 b3 75.c5 Bd7 76.Kd5 Bb5 77.c6 Bxd3 78.d7 b2 79.d8=Q b1=Q
80.Qa5+ Kb3  1/2-1/2

[Event "CSR-ch U16"]
[Site "Brno"]
[Date "1990.??.??"]
[Round "?"]
[White "Belaska, Premysl"]
[Black "Votava, Jan"]
[Result "0-1"]
[WhiteElo "2320"]
[BlackElo "2340"]

1.e4 c5 2.Nc3 Nc6 3.Nge2 e5 4.Ng3 Nf6 5.Bc4 d6 6.O-O h5 7.d3 h4 8.Nh1 h3
9.g3 Nd4 10.f3 Be6 11.Bd5 Bxd5 12.Nxd5 Nxd5 13.exd5 Qb6 14.c3 Nf5 15.Qa4+ Kd8
16.Nf2 Ne7 17.c4 Nf5 18.Bd2 Qc7 19.Rab1 Nd4 20.Ne4 Qd7 21.Qxd7+ Kxd7 22.b4 b6
23.a4 Be7 24.Kf2 f5 25.Nc3 Rab8 26.Rb2 Rhf8 27.Ne2 e4 28.Ng1 Bf6 29.Rbb1 Rbe8
30.bxc5 dxc5 31.dxe4 fxe4 32.f4 Nc2 33.Be3 Bd4 34.Rb3 Nxe3 35.Rxe3 g5 36.Ne2 Rf7
37.Rd1 gxf4 38.Nxf4 Kd6 39.Ke2 Bxe3 40.Kxe3 Rf6 41.Rd2 Ke5 42.Re2 Rh8 43.Rd2 a6
44.Rb2 Rb8 45.Rb3 b5 46.axb5 axb5 47.cxb5 Rfb6  0-1

[Event "Spring op"]
[Site "Budapest"]
[Date "1990.??.??"]
[Round "1"]
[White "Ghinda, Mihail Viorel"]
[Black "Paoli, Enrico"]
[Result "1-0"]
[WhiteElo "2450"]
[BlackElo "2205"]

1.e4 c5 2.Nf3 Nc6 3.Nc3 d6 4.d4 cxd4 5.Nxd4 Nf6 6.Be3 e6 7.f4 Be7 8.Qf3 Bd7
9.O-O-O Qb8 10.Be2 O-O 11.Qg3 Rd8 12.Rhf1 Nxd4 13.Bxd4 Bc6 14.Bd3 Ne8 15.Rde1 Qc8
16.Nd5 Bxd5 17.exd5 Bf6 18.Qh3 Bxd4 19.Qxh7+ Kf8 20.dxe6 fxe6 21.f5 d5 22.fxe6+ Ke7
23.Rf7+ Kd6 24.Qg6 Kc5 25.Qg4 a5 26.Bf5 Nf6 27.Qg3 Rd6 28.c3 Ne4 29.Bxe4 dxe4
30.cxd4+ Kxd4+ 31.Kb1 Qxe6 32.Qc3+ Kd5 33.Rd1+  1-0

[Event "Spring op"]
[Site "Budapest"]
[Date "1990.??.??"]
[Round "2"]
[White "Bibby, Simon"]
[Black "Malisauskas, Vidmantas"]
[Result "0-1"]
[WhiteElo "2315"]
[BlackElo "2500"]

1.e4 c5 2.Nc3 Nc6 3.Nge2 e5 4.Nd5 Nge7 5.Nec3 Nxd5 6.Nxd5 Rb8 7.g3 d6 8.Bg2 g6
9.d3 Bg7 10.O-O Be6 11.Be3 Bxd5 12.exd5 Ne7 13.c3 O-O 14.Qd2 Qd7 15.Rae1 Rbe8
16.Bh6 Nf5 17.Bh3 Bxh6 18.Qxh6 Nxh6 19.Bxd7 Re7 20.Bh3 f5 21.Re2 Kf7 22.a3 a5
23.Rb1 b6 24.b4 axb4 25.axb4 Ra8 26.bxc5 bxc5 27.Rb6 Rd7 28.Reb2 Kf6 29.f4 exf4
30.gxf4 Nf7 31.Kf2 Ra3 32.R6b3 Ra4 33.Kg3 Re7 34.Rf2 Re3+ 35.Rf3 Rxf3+ 36.Kxf3 g5
37.fxg5+ Nxg5+ 38.Kg3 h5 39.c4 Ra1 40.Rb6 Rd1 41.Bg2 Rxd3+ 42.Kf4 Nf7 43.Bf3 Rd4+
44.Kg3 h4+  0-1

[Event "Spring op"]
[Site "Budapest"]
[Date "1990.??.??"]
[Round "3"]
[White "Ghinda, Mihail Viorel"]
[Black "Dobos, Jozsef"]
[Result "0-1"]
[WhiteElo "2450"]
[BlackElo "2360"]

1.e4 c5 2.Nc3 Nc6 3.Nge2 d6 4.d4 cxd4 5.Nxd4 Nf6 6.Bg5 e6 7.Qd2 a6 8.O-O-O h6
9.Bf4 Bd7 10.Bg3 Nxd4 11.Qxd4 e5 12.Qe3 Rc8 13.Be2 Be7 14.f4 Qa5 15.Bf3 O-O
16.Kb1 Be6 17.a3 Rfe8 18.f5 Bc4 19.Be1 Qc7 20.g4 d5 21.exd5 Bc5 22.Qd2 e4
23.Bg3 Qd7 24.Be2 e3 25.Qe1 Bxe2 26.Qxe2 Bxa3 27.Rd3 Bb4 28.Nd1 Bd2 29.Be1 Qa4
30.Nc3 Bxc3 31.Bxc3 Ne4 32.Rc1 Rxc3 33.bxc3 Qb5+ 34.Ka1 Nxc3  0-1

[Event "Spring op"]
[Site "Budapest"]
[Date "1990.??.??"]
[Round "5"]
[White "Izsak, Gyula"]
[Black "Majorovas, Vitalijus"]
[Result "1/2-1/2"]
[WhiteElo "2210"]
[BlackElo "2440"]

1.e4 c5 2.Nf3 Nc6 3.Nc3 e5 4.Nd5 d6 5.Bc4 Nf6 6.d3 Nxd5 7.Bxd5 Be7 8.c3 Bf6
9.Be3 O-O 10.Qd2 Be6 11.Bxe6 fxe6 12.O-O b6 13.d4 exd4 14.cxd4 e5 15.d5 Nd4
16.Ng5 Qd7 17.Bxd4 Bxg5 18.Be3 Bxe3 19.Qxe3 Rac8 20.Rae1 Rf6 21.f4 exf4 22.Rxf4 Rxf4
23.Qxf4 Rf8 24.Qg3 Qf7 25.h3 Qf4 26.Qxf4 Rxf4 27.e5 dxe5 28.Rxe5 Kf8 29.Re3 Rd4
30.Ra3 a5 31.Rf3+ Ke7 32.Re3+ Kd6 33.Re6+ Kxd5 34.Rxb6 Rb4 35.Rxb4 cxb4 36.Kf2 Ke4
37.Ke2 Kf4 38.Kf2 g5 39.b3 h5 40.g3+ Ke4 41.Ke2 h4 42.g4 Kd4 43.Kd2  1/2-1/2

[Event "Elekes mem"]
[Site "Budapest"]
[Date "1990.??.??"]
[Round "9"]
[White "Tolnai, Tibor"]
[Black "Fauland, Alexander"]
[Result "1/2-1/2"]
[WhiteElo "2490"]
[BlackElo "2480"]

1.e4 c5 2.Nf3 Nc6 3.Nc3 e5 4.Bc4 d6 5.d3 Be7 6.O-O Nf6 7.h3 O-O 8.Bg5 Ne8
9.Be3 Nc7 10.Qd2 Be6 11.a3 f5 12.Bxe6+ Nxe6 13.exf5 Rxf5 14.Nd5 Qd7 15.Nh2 Raf8
16.f4 exf4 17.Nxf4 Nxf4 18.Rxf4 Rxf4 19.Bxf4  1/2-1/2

[Event "Budapest"]
[Site "Budapest"]
[Date "1990.??.??"]
[Round "12"]
[White "Vratonjic, Slobodan"]
[Black "Filipovic, Branko"]
[Result "0-1"]
[WhiteElo "2380"]
[BlackElo "2445"]

1.e4 c5 2.Nf3 Nc6 3.Nc3 e5 4.Bc4 Be7 5.d3 d6 6.O-O Nf6 7.Ng5 O-O 8.f4 exf4
9.Bxf4 h6 10.Nf3 Be6 11.Qd2 d5 12.exd5 Nxd5 13.Bxd5 Bxd5 14.Bxh6 gxh6 15.Qxh6 Be6
16.Ne4 Bf5 17.Nfg5 Bxe4 18.Nxe4 Qd4+ 19.Kh1 Qg7 20.Qh3 f5 21.Rf3 fxe4 22.Qe6+ Rf7
23.Rg3 Bg5 24.h4 Nd4 25.Qxe4 Nf5 26.Rg4 Nxh4 27.Qd5 Nf5 28.Rf1 Rd8 29.Qxf7+ Kxf7
30.Rxf5+ Bf6 31.Rxg7+ Kxg7 32.c3 b6 33.Rf3 Re8 34.Kg1 Re1+ 35.Rf1 Re3 36.Rf3 Rxf3
37.gxf3 Kg6 38.Kf2 Kf5 39.Ke2 Kf4 40.Kf2 b5 41.a3 a5 42.Ke2 a4 43.Kd2 Kxf3
44.Kc2 c4 45.dxc4 bxc4 46.Kd2 Bg5+ 47.Kd1 Ke3 48.Kc1 Kd3+ 49.Kb1 Kd2  0-1

[Event "Buenos Aires op"]
[Site "Buenos Aires"]
[Date "1990.??.??"]
[Round "1"]
[White "Gomez Baillo, Jorge H"]
[Black "Spangenberg, Hugo"]
[Result "1/2-1/2"]
[WhiteElo "2430"]
[BlackElo "2270"]

1.e4 c5 2.Nf3 Nc6 3.Nc3 g6 4.d4 cxd4 5.Nxd4 Bg7 6.Nb3 Nf6 7.Be2 O-O 8.O-O a5
9.a4 Nb4 10.Be3 d5 11.e5 Ne4 12.f4 Nxc3 13.bxc3 Nc6 14.Rb1 Rb8 15.Bf3 Bh6
16.Qe2 Qc7 17.g3 Rd8 18.Rfd1 Bf5 19.Nd4 Nxd4 20.Bxd4 b6 21.Qf2 Be4 22.Bxe4 dxe4
23.Qe2 e6 24.Qxe4 Qc4 25.Ra1 Bf8 26.Qd3 Qc6 27.Qb5 Qe4 28.Qd3 Qc6 29.Qe3 Rd5
30.Rd3  1/2-1/2

[Event "Cannes op2"]
[Site "Cannes"]
[Date "1990.??.??"]
[Round "?"]
[White "Birmingham, Eric"]
[Black "Badii, Madjid"]
[Result "1-0"]
[WhiteElo "2345"]
[BlackElo "2275"]

1.e4 c5 2.Nc3 Nc6 3.Nge2 d6 4.g3 Bg4 5.Bg2 Nd4 6.O-O Nf3+ 7.Kh1 Nf6 8.h3 h5
9.Nf4 e5 10.Nfd5 Nh2 11.hxg4 Nfxg4 12.f3 Nxf1 13.Qxf1 Nf6 14.Nxf6+ gxf6 15.Bh3 a6
16.Bf5 Bh6 17.d3 b5 18.Bxh6 Rxh6 19.Nd5 Kf8 20.Qc1 Kg7 21.Qd2 h4 22.g4 b4
23.a4 bxa3 24.Rxa3 h3 25.Kh2 a5 26.b3 Rh8 27.Ra1 a4 28.bxa4 Rb8 29.a5 Rb2
30.a6 Qb8 31.a7 Qb7 32.g5  1-0

[Event "Cannes op"]
[Site "Cannes"]
[Date "1990.??.??"]
[Round "2"]
[White "Naudier, S."]
[Black "Poulenard, Raphael"]
[Result "1/2-1/2"]
[WhiteElo "2170"]
[BlackElo "2350"]

1.e4 c5 2.Nf3 Nc6 3.Nc3 g6 4.d4 cxd4 5.Nxd4 Bg7 6.Be3 Nf6 7.Bc4 Qa5 8.O-O O-O
9.Bb3 d6 10.h3 Bd7 11.Re1 Nxd4 12.Bxd4 Bc6 13.Qd3 Rfe8 14.Rad1 Rac8 15.f4 Nd7
16.Bxg7 Kxg7 17.Qd4+ Kg8 18.a3 Qc5 19.Ba2 Kf8 20.Rd2 Qxd4+ 21.Rxd4 b5 22.Re2 Nb6
23.Rf2 a6 24.f5 f6 25.g4 Kg7 26.Ne2 Bd7 27.Nf4 Nc4 28.c3 Ne5 29.Nd5 Bc6 30.g5 fxg5
31.Nxe7 Rxe7 32.f6+ Kf8 33.fxe7+ Kxe7 34.Kg2 h5 35.Bd5 Bd7 36.a4 g4 37.hxg4 Bxg4
38.Bb7 Rb8 39.Bxa6 bxa4 40.Rxa4 Bd7 41.Rb4 Rh8 42.Rb7 Ke6 43.Bb5 Bxb5 44.Rxb5 h4
45.Ra5 g5 46.Ra6 g4 47.Rd2 Nc4 48.Re2 Rf8 49.b3 Ne5 50.c4 h3+ 51.Kh2 Rf1
52.c5 Nf3+ 53.Kg3 Rg1+ 54.Kf4 h2 55.Rxd6+ Ke7 56.Rh6 h1=Q 57.Rxh1 Rxh1 58.Kxg4 Ne5+
59.Kg3 Rc1 60.b4 Nd3  1/2-1/2

[Event "Cannes op"]
[Site "Cannes"]
[Date "1990.??.??"]
[Round "6"]
[White "Denis, Laurent"]
[Black "Foisor, Cristina Adela B"]
[Result "0-1"]
[WhiteElo "2150"]
[BlackElo "2295"]

1.e4 c5 2.Nf3 Nc6 3.Nc3 d6 4.d4 cxd4 5.Nxd4 Nf6 6.Bc4 Qb6 7.Nb3 e6 8.Be3 Qc7
9.O-O a6 10.a4 Nb4 11.Be2 d5 12.exd5 Nfxd5 13.Nxd5 Nxd5 14.Bd4 Bd6 15.h3 O-O
16.Bf3 Nb4 17.c3 Nc6 18.Be3 Rd8 19.Qc2 Ne5 20.Be2 Nc4 21.Bxc4 Qxc4 22.Rfd1 Qc7
23.a5 Re8 24.Bb6 Qe7 25.Qd3 Bc7 26.Bxc7 Qxc7 27.Qd6 Qxd6 28.Rxd6 Kf8 29.Rad1 Ke7
30.f4 h6 31.Nc5 g5 32.fxg5 hxg5 33.Kf2 Rg8 34.Rb6 g4 35.Nxb7 gxh3 36.gxh3 Ra7
37.Nc5 e5 38.Rb8 Rc7 39.b4 Rg6 40.Rh1 Rcc6 41.Na4 Rcf6+ 42.Ke3 Rg3+ 43.Ke4 Rf4+
44.Kxe5 Rc4  0-1

[Event "Cannes op"]
[Site "Cannes"]
[Date "1990.??.??"]
[Round "9"]
[White "Denis, Laurent"]
[Black "Lukasiewicz, Grzegorz"]
[Result "0-1"]
[WhiteElo "2150"]
[BlackElo "2320"]

1.e4 c5 2.Nf3 Nc6 3.Nc3 g6 4.d4 cxd4 5.Nxd4 Bg7 6.Be3 Nf6 7.Bc4 O-O 8.Bb3 a6
9.f3 d6 10.Qd2 Bd7 11.O-O-O Rc8 12.h4 Ne5 13.Bh6 Nc4 14.Bxc4 Rxc4 15.Bxg7 Kxg7
16.h5 Qa5 17.hxg6 fxg6 18.Qh6+ Kf7 19.Nd5 Qxa2 20.Nxf6 Qa1+ 21.Kd2 Rxd4+
22.Ke2 Bb5+ 23.Ke3 Rxd1 24.Qxh7+ Kxf6 25.Qh4+ Kf7 26.Qh7+ Ke8  0-1

[Event "JUG-chT Cetinje"]
[Site "Cetinje"]
[Date "1990.??.??"]
[Round "7"]
[White "Zupe, Miran"]
[Black "Kelecevic, Nedeljko"]
[Result "1/2-1/2"]
[WhiteElo "2330"]
[BlackElo "2410"]

1.e4 c5 2.Nf3 Nc6 3.Nc3 d6 4.d4 cxd4 5.Nxd4 Nf6 6.g3 g6 7.Bg2 Nxd4 8.Qxd4 Bg7
9.O-O O-O 10.Qd3 Be6 11.b3 Qc8 12.Bb2 Bh3 13.Rfe1 Bxg2 14.Kxg2 Re8 15.a4 h5
16.Ra2 h4 17.Nd5 hxg3 18.hxg3 Nxd5 19.exd5 Qf5 20.Qd2 Bxb2 21.Rxb2 Qf6 22.Rbb1 Kg7
23.Qe3 b6 24.c4 Rac8 25.Rh1 Rh8 26.Rbe1 Rxh1  1/2-1/2

[Event "JUG-chT Cetinje"]
[Site "Cetinje"]
[Date "1990.??.??"]
[Round "8"]
[White "Ristic, Nenad"]
[Black "Kurajica, Bojan"]
[Result "0-1"]
[WhiteElo "2415"]
[BlackElo "2480"]

1.e4 c5 2.Nf3 Nc6 3.Nc3 e5 4.Nd5 d6 5.h3 f5 6.d3 Be7 7.c3 Nf6 8.Ng5 f4 9.h4 h6
10.Nxf6+ Bxf6 11.Qh5+ Kd7 12.Nf7 Qe8 13.d4 Ke7 14.Bc4 Nd8 15.dxe5 Bxe5 16.g3 Be6
17.Bxe6 Nxe6 18.gxf4 Nxf4 19.Bxf4 Bxf4 20.Qd5 Qxf7 21.Qxb7+ Kf6 22.e5+ Bxe5
23.Qf3+ Ke6  0-1

[Event "JUG-chT Cetinje"]
[Site "Cetinje"]
[Date "1990.??.??"]
[Round "9"]
[White "Ivanovic, Bozidar"]
[Black "Simic, Radoslav"]
[Result "1/2-1/2"]
[WhiteElo "2520"]
[BlackElo "2505"]

1.e4 c5 2.Nf3 Nc6 3.Nc3 Nf6 4.d4 cxd4 5.Nxd4 e5 6.Ndb5 d6 7.Bg5 a6 8.Na3 b5
9.Nd5 Be7 10.Nxe7 Nxe7 11.Qf3 Bg4 12.Qg3 Be6 13.Bd3 Ng6 14.O-O O-O 15.c4 bxc4
16.Nxc4 Bxc4 17.Bxf6 Qxf6 18.Bxc4 Rfc8 19.Rfc1 Nf4 20.Bf1 g6 21.b4 d5 22.exd5 Nxd5
23.Qb3 Nf4 24.Qf3 Rd8 25.Rd1 Kg7 26.a4 a5 27.Rxd8 Rxd8 28.Rb1 axb4 29.Rxb4 Rd2
30.Rb1 e4 31.Qe3 Ra2 32.Qb3 Ne2+ 33.Bxe2 Rxe2 34.Rf1 Qd4 35.h3 Rb2 36.Qd1 Qxd1
37.Rxd1 Ra2 38.Rd4  1/2-1/2

[Event "Chartres op"]
[Site "Chartres"]
[Date "1990.??.??"]
[Round "2"]
[White "Tompa, Janos"]
[Black "Regan, Natasha"]
[Result "1-0"]
[WhiteElo "2420"]
[BlackElo "2010"]

1.e4 c5 2.Nc3 Nc6 3.Nf3 d6 4.d4 cxd4 5.Nxd4 Nf6 6.Bc4 e6 7.Be3 Be7 8.Qe2 O-O
9.Bb3 Na5 10.O-O-O a6 11.g4 b5 12.e5 Ne8 13.f4 Nxb3+ 14.axb3 Bd7 15.Kb1 Nc7
16.exd6 Bxd6 17.Ne4 Be7 18.Nc6 Bxc6 19.Rxd8 Rfxd8 20.Bb6 Rd7 21.Rf1 b4 22.Bxc7 Rxc7
23.Qe3 Rac8 24.f5 Bd5 25.Rf2 exf5 26.gxf5 Bh4 27.Rd2 Bc6 28.Nd6 Rd8 29.Qb6 Rcd7
30.Qxc6 Be7 31.Nc8  1-0

[Event "Clichy"]
[Site "Clichy"]
[Date "1990.??.??"]
[Round "3"]
[White "Papacek, Stepan"]
[Black "Verat, Laurent"]
[Result "0-1"]
[WhiteElo "2320"]
[BlackElo "2240"]

1.e4 c5 2.Nc3 Nc6 3.Nf3 d6 4.d4 cxd4 5.Nxd4 Nf6 6.f4 e5 7.Nf3 Be7 8.Be2 O-O
9.O-O a6 10.Kh1 b5 11.a3 Bb7 12.Qd3 b4 13.Nd5 a5 14.f5 bxa3 15.bxa3 Ba6 16.Qe3 Nxd5
17.exd5 Bxe2 18.Qxe2 Nd4 19.Nxd4 exd4 20.Rb1 Bf6 21.Rb3 Rb8 22.Rh3 Rb1 23.Rg1 Qe8
24.Qf3 Qe5 25.g4 h6 26.Rhg3 Rc8 27.Bf4 Rxg1+ 28.Rxg1 Qe7 29.Bd2 a4 30.Re1 Be5
31.Qd3 Qb7 32.Qe4 Qb2 33.Bf4 Qxc2 34.Bxe5 Qxe4+ 35.Rxe4 dxe5 36.Rxe5 d3 37.Re1 d2
38.Rd1 Rc1  0-1

[Event "Obro-B"]
[Site "Copenhagen"]
[Date "1990.??.??"]
[Round "5"]
[White "Jarzynski, Andrzej"]
[Black "Fedder, Steen"]
[Result "1/2-1/2"]
[WhiteElo "2325"]
[BlackElo "2400"]

1.e4 c5 2.Nf3 Nc6 3.Nc3 g6 4.d4 cxd4 5.Nxd4 Bg7 6.Nb3 Nf6 7.Be2 O-O 8.O-O d6
9.Kh1 a5 10.a4 Be6 11.f4 Qc8 12.Bf3 Nb4 13.Nd4 Bg4 14.f5 Bxf3 15.Rxf3 Ng4
16.Ncb5 Qd7 17.c3 Na6 18.Rf1 Nf6 19.Re1 Nc5 20.Qc2 e5 21.fxe6 fxe6 22.Bg5 Ng4
23.Nf3 Ne5 24.Nxe5 Bxe5 25.Rad1 Qc6 26.Be7 Rf4 27.Bxd6 Bxd6 28.Rxd6 Qxe4
29.Qxe4 Rxe4 30.Rxe4 Nxe4 31.Rxe6 Nc5 32.Re7 Nxa4  1/2-1/2

[Event "Copenhagen AS04"]
[Site "Copenhagen"]
[Date "1990.??.??"]
[Round "6"]
[White "Hansen, Mads Smith"]
[Black "Olesen, Martin"]
[Result "1-0"]
[WhiteElo "2355"]
[BlackElo "2250"]

1.e4 c5 2.Nf3 Nc6 3.Nc3 Nf6 4.d4 cxd4 5.Nxd4 Qb6 6.Be3 a6 7.Nb3 Qc7 8.Nd5 Qe5
9.Nb6 Rb8 10.Bd3 d5 11.f4 Qxb2 12.Bc1 Qc3+ 13.Bd2 Qb2 14.Bc1 Qc3+ 15.Bd2 Qb2
16.exd5 Bg4 17.Nc4 Qxb3 18.axb3 Bxd1 19.dxc6 Bg4 20.cxb7 Rxb7 21.Rxa6 Rb8
22.Ne5 Bd7 23.Bc4 e6 24.f5 Bb5 25.Bxb5+ Rxb5 26.Ra8+ Ke7 27.Ra7+ Ke8 28.Ra8+ Ke7
29.Ra7+ Ke8 30.Nxf7 Rg8 31.fxe6 Bc5 32.Ra8+ Ke7 33.Rxg8 Nxg8 34.Ng5 h6 35.Nf3 Nf6
36.Ke2 g5 37.Ra1 Rb6 38.Ra5 Rxe6+ 39.Kd1 Ne4 40.b4 Bb6 41.Rb5 Kf6 42.Kc1 g4
43.Ne1 Bg1 44.Nd3 Nd6 45.Rd5 Bxh2 46.Rh5 Bg1 47.Nf4 Re8 48.Nd5+ Kf7 49.Rxh6 Nc4
50.Rf6+ Kg7 51.Bc3 Kh7 52.Rf4 Be3+ 53.Nxe3 Nxe3 54.Bd2 g3 55.Bxe3 Rxe3 56.Kd2 Ra3
57.Ke2 Rc3 58.Kd2 Ra3 59.b5 Kg6 60.b6  1-0

[Event "CSR-ch U18"]
[Site "?"]
[Date "1990.??.??"]
[Round "9"]
[White "Votava, Jan"]
[Black "Babula, Vlastimil"]
[Result "1/2-1/2"]
[WhiteElo "2340"]
[BlackElo "2260"]

1.e4 c5 2.Nf3 Nc6 3.Nc3 d6 4.d4 cxd4 5.Nxd4 e5 6.Ndb5 a6 7.Na3 b5 8.Nd5 Nge7
9.c4 Nd4 10.Be3 Nxd5 11.exd5 Nf5 12.Bd2 g6 13.cxb5 Bg7 14.Bc3 O-O 15.Nc2 Nd4
16.Be2 Nxb5 17.Bxb5 axb5 18.O-O Bb7 19.Nb4 Qd7 20.Qe2 Rac8 21.f4 Rfe8 22.Qf2 Rc4
23.fxe5 Bxe5 24.Qd2 Qc7 25.Rae1 Rc8 26.Bxe5 dxe5 27.a3 Rd4 28.Qe2 Bxd5 29.Qxe5 Qxe5
30.Rxe5 Bc4 31.Rc1 Rcd8 32.b3 Bxb3 33.Rxb5 Be6 34.Rbc5 Kg7 35.R5c3  1/2-1/2